<?xml version="1.0" encoding="UTF-8"?><?xml-stylesheet type="text/xsl" href="static/style.xsl"?><OAI-PMH xmlns="http://www.openarchives.org/OAI/2.0/" xmlns:xsi="http://www.w3.org/2001/XMLSchema-instance" xsi:schemaLocation="http://www.openarchives.org/OAI/2.0/ http://www.openarchives.org/OAI/2.0/OAI-PMH.xsd"><responseDate>2026-04-27T19:55:37Z</responseDate><request verb="GetRecord" identifier="oai:uvadoc.uva.es:10324/76258" metadataPrefix="marc">https://uvadoc.uva.es/oai/request</request><GetRecord><record><header><identifier>oai:uvadoc.uva.es:10324/76258</identifier><datestamp>2025-07-07T07:58:29Z</datestamp><setSpec>com_10324_1190</setSpec><setSpec>com_10324_931</setSpec><setSpec>com_10324_894</setSpec><setSpec>col_10324_1351</setSpec></header><metadata><record xmlns="http://www.loc.gov/MARC21/slim" xmlns:doc="http://www.lyncode.com/xoai" xmlns:xsi="http://www.w3.org/2001/XMLSchema-instance" xmlns:dcterms="http://purl.org/dc/terms/" xsi:schemaLocation="http://www.loc.gov/MARC21/slim http://www.loc.gov/standards/marcxml/schema/MARC21slim.xsd">
<leader>00925njm 22002777a 4500</leader>
<datafield tag="042" ind1=" " ind2=" ">
<subfield code="a">dc</subfield>
</datafield>
<datafield tag="720" ind1=" " ind2=" ">
<subfield code="a">Barba Rodríguez, Daniel</subfield>
<subfield code="e">author</subfield>
</datafield>
<datafield tag="260" ind1=" " ind2=" ">
<subfield code="c">2025</subfield>
</datafield>
<datafield tag="520" ind1=" " ind2=" ">
<subfield code="a">El artículo analiza las estrategias espaciales de Dan Graham mediante el estudio comparativo de toda su producción artística, dando como resultado tres formatos recurrentes en su obra: instalaciones, maquetas y pabellones. Se parte de un marco teórico que sitúa su producción en el contexto de la cultura visual contemporánea, marcada por el espectáculo, la imagen y la mirada; así se plantea una noción de lugar vinculada con la experiencia visual y relacional del espacio. A partir del análisis de sus más de cincuenta obras —comparando sistemáticamente su cronología, elementos, estrategias proyectuales, intencionalidad y el papel del público—, se identifican tres categorías operativas que permiten comprender cómo Graham construye diferentes nociones de lugar. Estas estrategias espaciales no se limitan a organizar formas en el espacio, sino que definen situaciones perceptivas que activan relaciones entre los individuos, los dispositivos visuales y el entorno. En conjunto, su obra revela una arquitectura que no solo acoge cuerpos, sino que configura identidades, establece roles e induce formas de interacción social a través del ver y ser visto.</subfield>
</datafield>
<datafield tag="024" ind2=" " ind1="8">
<subfield code="a">BARBA RODRÍGUEZ, Daniel (2025): “Estrategias espaciales de Dan Graham para la construcción del lugar: instalaciones, maquetas y pabellones”, Revista de Arquitectura, 30(48), 168-191</subfield>
</datafield>
<datafield tag="024" ind2=" " ind1="8">
<subfield code="a">0719-5427</subfield>
</datafield>
<datafield tag="024" ind2=" " ind1="8">
<subfield code="a">https://uvadoc.uva.es/handle/10324/76258</subfield>
</datafield>
<datafield tag="024" ind2=" " ind1="8">
<subfield code="a">https://doi.org/10.5354/0719-5427.2025.78012</subfield>
</datafield>
<datafield tag="024" ind2=" " ind1="8">
<subfield code="a">168</subfield>
</datafield>
<datafield tag="024" ind2=" " ind1="8">
<subfield code="a">48</subfield>
</datafield>
<datafield tag="024" ind2=" " ind1="8">
<subfield code="a">191</subfield>
</datafield>
<datafield tag="024" ind2=" " ind1="8">
<subfield code="a">Revista de Arquitectura</subfield>
</datafield>
<datafield tag="024" ind2=" " ind1="8">
<subfield code="a">30</subfield>
</datafield>
<datafield tag="245" ind1="0" ind2="0">
<subfield code="a">Estrategias espaciales de Dan Graham para la construcción del lugar: instalaciones, maquetas y pabellones</subfield>
</datafield>
</record></metadata></record></GetRecord></OAI-PMH>